Statistics for Most Successful Music Artists

Click here to take the quiz!

General Stats

  • This quiz has been taken 55 times
  • The average score is 10 of 20

Answer Stats

Claimed Sales ($)Years ActiveArtist/Band% Correct
600 million to 500 million1960–1970The Beatles
100%
400 million to 350 million1964–2009Michael Jackson
85%
500 million to 360 million1954–1977Elvis Presley
83%
200 million to 150 million1962–presentThe Rolling Stones
78%
300 million to 250 million1979–presentMadonna
72%
200 million2006–presentTaylor Swift
59%
300 million to 200 million1968–1980Led Zeppelin
54%
300 million to 250 million1964–presentElton John
46%
200 million1988–presentMariah Carey
46%
250 million to 200 million1965–1996, 2005, 2012–2014Pink Floyd
46%
200 million1977–2012Whitney Houston
43%
220 million1996–presentEminem
41%
200 million1971–1980, 1994–presentEagles
39%
250 million2005–presentRihanna
39%
200 million to 175 million1973–presentAC/DC
33%
170 million2001–presentDrake
30%
200 million1971–presentQueen
30%
200 million to 170 million1981–presentCeline Dion
28%
160 million1996–presentKanye West
28%
170 milliom1989–presentGarth Brooks
17%

Score Distribution

Percentile by Number Answered

Percent of People with Each Score

Your Score History

You have not taken this quiz